Jetpunk Featured Quiz Challenge #7 - Statistics

General Stats
  • This quiz has been taken 96 times
    92 since last reset
  • The average score is 16 of 20
Answer Stats
Hint Answer % Correct
Three Letter Animals Quiz Ahi / Ani / Ant / Ape / Asp / Ass / Auk / Bat / Bee / Boa / Bug / Cat / Cob / Cod / Cow / Cub / Doe / Dog / Eel / Eft / Elk / Emu / Ewe / Fly / Fox / Gar / Gnu / Goa / Hen / Hog / Jay / Kea / Kid / Kit / Kob / Koi / Moa / Nag / Ono / Owl / Pen / Pig / Pup / Ram / Rat / Ray / Sow / Tit / Tom / Tui / Yak
100%
Most Popular Types of Cheese Cream / Cheddar / Parmesan / Cottage / Swiss / Pepper Jack / Romano / Mozzarella / Feta / Brie / Asiago / Gruyère / Gouda / Mascarpone / Gorgonzola / Manchego / Ricotta / Monterey / Jack / Colby / Stilton / Camembert / Provolone / Roquefort / Muenster / Havarti
96%
Countries that Have Controlled Part of the United States Spain / United Kingdom / England / Netherlands / Sweden / France / United States / Vermont Republic / Russia / Hawaii / West Florida / Mexico / Texas Confederate States / Japan
96%
Extinct Animals Dodo / Tyrannosaurus / Triceratops / Velociraptor / Neanderthal / Tasmanian Tiger / Auroch / Moa / Woolly Mammoth / Passenger Pigeon / Quagga / Saber-toothed cat / Trilobite / Megalodon / Giant Sloth / Steller's Sea Cow / Great Auk / Irish Elk
90%
European Landlocked Countries Andorra / Austria / Belarus / Czech Republic / Hungary / Kosovo / Liechtenstein / Luxembourg / Moldova / North Macedonia / San Marino / Serbia / Slovakia / Switzerland / Vatican City
89%
First Names of Female Singers Taylor / Aretha / Whitney / Ariana / Britney / Katy / Celine / Demi / Amy / Janis / Stevie / Shania / Dolly / Diana / Selena / Miley / Alanis / Linda / Nina/ Alicia / Barbra / Mariah / Tina / Natalie
88%
Official UN Languages Arabic / Chinese / English / French / Russian / Spanish
86%
15 Biggest Island Countries Indonesia / Madagascar / Papua New Guinea / Japan / Philippines / New Zealand / United Kingdom / Cuba / Iceland / Ireland / Sri Lanka / Dominican Republic / Taiwan / Solomon Islands / Haiti
86%
Famous Billionaires Quiz Bill Gates / Jeff Bezos / Amancio Ortega / Warren Buffett / Mark Zuckerberg / Larry Ellison / Carlos Slim / Koch Brothers / Michael Bloomberg / George Soros / Rupert Murdoch / Giorgio Armani / Silvio Berlusconi / George Lucas / Richard Branson / Steven Spielberg / Donald Trump / Mark Cuban / Oprah Winfrey / Ted Turner
83%
First Names of Male Singers Bruno / Frank / David / Marvin / Adam / Otis / Bruce / Chris / Julio / Enrique / Luciano / Art / Michael / Lionel / Peter / Luther / Gavin / Robert / Leonard / Tony / John / Bob / Willie / Ed
83%
Irreligious Countries China / Sweden / Czech Republic / United Kingdom / Netherlands / Azerbaijan / Belgium / Australia / Vietnam / Norway / Denmark / Japan / Germany / South Korea / Estonia / Israel / Switzerland / Spain / Canada / Ireland
82%
Top 10 Most White U.S. States Maine / Vermont / New Hampshire / West Virginia / Wyoming / Iowa / Idaho / Montana / Nebraska / North Dakota
81%
Countries with Wild Penguins Australia / Chile / New Zealand / Argentina / UK (Falklands) / South Africa / Brazil / Uruguay / Ecuador / Peru / Namibia / Angola / Mozambique
80%
Countries that End in O Burkina Faso / Dem. Rep. of the Congo / Kosovo / Lesotho / Mexico / Monaco / Montenegro / Morocco / Rep. of the Congo / San Marino / Togo / Trinidad and Tobago
73%
Countries Closest to the Aegean Sea Greece / Turkey / Bulgaria / North Macedonia / Albania / Serbia / Kosovo / Libya / Romania / Montenegro / Italy / Egypt / Cyprus / Croatia / Bosnia and Herzegovina / Ukraine / Moldova / Hungary / Syria / Russia
71%
Famous Mcs and Macs Quiz McDonald's / MacBeth / Marty McFly / Tim McGraw / Mount McKinley / Ewan McGregor / John McCain / John McClane / Ian McKellen / Joseph McCarthy / Macintosh / McLaren / Paul McCartney / The Real McCoy / John McEnroe / Elle Macpherson / Timothy McVeigh / Douglas MacArthur / Mackinac Bridge / McGill
65%
Answers Contain Stone Yellowstone / Stonehenge / StoneAge / Grindstone / Kidney Stone / Rolling Stone / Sharon Stone / Cobblestone / Pumice Stone / StoneTablets / Tombstone / Cornerstone / Stonemason / Oliver Stone / Rhinestone / The Flintstones / Philosopher's Stone / Rosetta Stone / Birthstone / Blarney Stone / David Livingstone / StoneWashed
65%
Things That are Grand Quiz GrandCanyon / GrandPiano / GrandSlam / GrandRapids / GrandOle Opry / GrandMal / GrandMaster / MGM / GrandStand / GrandOpening / Rio Grand / GrandTheft Auto / GrandInquisitor / GrandMarnier / GrandCanal / GrandOld Party / GrandBanks / GrandCentral / GrandJeté / GrandJury
62%
Japanese Loanwords Quiz Bonsai / Haiku / Kamikaze / Manga / Origami / Kimono / Bento / Daikon / Edamame / Gyoza / Sake / Sushi / Wasabi / Tempura / Shogun / Sumo / Futon / Karaoke / Tsunami / Koi / Sudoku
56%
Movies that Start with F Free Willy / Face Off / Freaky Friday / Fight Club / Forrest Gump / Field of Dreams / Friday the 13th / Fugitive the / Fear and Loathing in Las Vegas / Fly / Few Good Men / Frozen / Ferris Bueller's Day Off / Fast and the Furious / First Blood / Fiddler on the Roof / Fame / Fargo / Fifty Shades of Grey
54%
No matching quizzes found
Score Distribution
Percent of People with Each Score
Percentile by Number Answered
Your Score History
You have not taken this quiz since the last reset